Rewards and fairies, (Record no. 533882)

000 -LEADER
fixed length control field 00656cam a2200229u 4500
001 - CONTROL NUMBER
control field 8725319
003 - CONTROL NUMBER IDENTIFIER
control field Nust
005 - DATE AND TIME OF LATEST TRANSACTION
control field 20200123113214.0
008 - FIXED-LENGTH DATA ELEMENTS--GENERAL INFORMATION
fixed length control field 830523s1920 nyuf 000 0 eng
010 ## - LIBRARY OF CONGRESS CONTROL NUMBER
LC control number 22014536
020 ## - INTERNATIONAL STANDARD BOOK NUMBER
International Standard Book Number 9781853261596
038 ## - RECORD CONTENT LICENSOR
Staff Name MSOHAIL
040 ## - CATALOGING SOURCE
Original cataloging agency DLC
Transcribing agency CarP
Modifying agency DLC
-- DLC
050 00 - LIBRARY OF CONGRESS CALL NUMBER
Classification number PZ3.K629
Item number Re6
Classification number PR4854.R57
082 ## - DEWEY DECIMAL CLASSIFICATION NUMBER
Classification number 823
Author Mark KIP
100 1# - MAIN ENTRY--PERSONAL NAME
Personal name Kipling, Rudyard,
Dates associated with a name 1865-1936.
9 (RLIN) 27913
245 10 - TITLE STATEMENT
Title Rewards and fairies,
260 ## - PUBLICATION, DISTRIBUTION, ETC.
Place of publication, distribution, etc. Garden City, N.Y.,
Name of publisher, distributor, etc. Doubleday, Page & company,
Date of publication, distribution, etc. 1993.
300 ## - PHYSICAL DESCRIPTION
Extent xii, 266 p.
Other physical details front., plates.
Dimensions 21 cm.
906 ## - LOCAL DATA ELEMENT F, LDF (RLIN)
a 0
b cbc
c premunv
d u
e ncip
f 19
g y-gencatlg
942 ## - ADDED ENTRY ELEMENTS (KOHA)
Source of classification or shelving scheme
Koha item type Book
Holdings
Withdrawn status Lost status Source of classification or shelving scheme Damaged status Not for loan Permanent Location Current Location Date acquired Total Checkouts Full call number Barcode Date last seen Price effective from Koha item type
          School of Civil and Environmental Engineering (SCEE) School of Civil and Environmental Engineering (SCEE) 01/23/2020   823 KIP NIT-9398 01/23/2020 01/23/2020 Book
© 2023 Central Library, National University of Sciences and Technology. All Rights Reserved.